Bieła u. Janów. Zone D Col. XXVIII /

Korporativní autor: Rakousko-Uhersko. Militärgeographisches Institut
Další autoři: Niesner, Karl, Wenzel, J.
Jazyk: Němčina
Polština
Vydáno: [Wien] : [K.u.k. Militärgeographisches Institut], 1911
Edice: Třetí vojenské mapování 1:75 000 ; 3170, 1911
Spezialkarte der österreich-ungarischen Monarchie 1:75 000 ; 3170, 1911
Spezialkarte von Polen 1:75 000 ; 53, 1911
Témata:
Externí odkaz: Digitalizovaný dokument
Fyzický popis: 1 mapa : černobílá ; 37 x 46 cm, na listu 43 x 50 cm
Mapy
Uloženo v:
LEADER 02990nem a2200625 i 4500
001 001493150
003 CZ BrMZK
005 20211124131158.0
007 aj|aanzn
008 151020s1911 au a 0| ger d
034 1 |a a  |b 75000  |d E0225000  |e E0232000  |f N0521500  |g N0520000 
040 |a BOA001  |b cze  |e rda 
041 0 |a ger  |a pol 
043 |a e-pl---  |a e-bw--- 
072 7 |a 623  |x Vojenská technika  |2 Konspekt  |9 19 
072 7 |a 912  |x Mapy. Atlasy. Glóby  |2 Konspekt  |9 7 
080 |a 623.64  |2 MRF 
080 |a 913(438)  |2 MRF 
080 |a (084.3)528.42  |2 MRF 
080 |a (084.3)355/359  |2 MRF 
110 1 |a Rakousko-Uhersko.  |b Militärgeographisches Institut  |7 kn20060405003  |4 pbl  |4 pbl 
245 1 0 |a Bieła u. Janów.  |p Zone D Col. XXVIII /  |c [K.u.k. Militärgeographisches Institut] ; Geripp: Feldw. K. Niesner ; Terrain: Hptm. J. Wenzel 
246 3 |a 3170 
246 3 0 |a Zone D Col. XXVIII 
255 |a Měřítko 1:75 000  |c (E 22°50'00"--E 23°20'00"/N 52°15'00"--N 52°00'00") 
264 1 |a [Wien] :  |b [K.u.k. Militärgeographisches Institut],  |c 1911 
300 |a 1 mapa :  |b černobílá ;  |c 37 x 46 cm, na listu 43 x 50 cm 
336 |a kartografický obraz  |b cri  |2 rdacontent 
337 |a bez média  |b n  |2 rdamedia 
338 |a list  |b nb  |2 rdacarrier 
490 1 |a [Die Franzisco-Josephinische Landesaufnahme 1:75 000] ;  |v 3170, 1911 
490 1 |a [Spezialkarte der österreich-ungarischen Monarchie im Maße 1:75 000] ;  |v 3170, 1911 
490 1 |a [Spezialkarte von Polen im Maße 1:75 000] ;  |v 53, 1911 
500 |a Jednobarevný otisk 
500 |a Další údaje o vydání: 1898, Teilweise berichtigt bis 30.III.1911 
562 |a Razítko: Důvěrné  |5 CZ-BrMZK 
562 |a Razítko: Jng. Nedvédicky  |5 CZ-BrMZK 
562 |a Rukopisná poznámka na rubu: Bieła u. Janów 12.  |5 CZ-BrMZK 
562 |a Původně přeloženo na 1/6  |5 CZ-BrMZK 
650 7 |a vojenská topografie  |7 ph316247  |2 czenas 
651 7 |a Biała Podlaska (Polsko : oblast)  |7 ge1131731  |2 czenas 
651 7 |a Janów Podlaski (Polsko : oblast)  |7 ge1130597  |2 czenas 
655 7 |a topografické mapy  |7 fd809173  |2 czenas 
655 7 |a vojenské mapy  |7 fd133817  |2 czenas 
700 1 |a Niesner, Karl  |4 ctg 
700 1 |a Wenzel, J.  |7 mub20201077061  |4 ctg 
787 0 8 |t Přehled kladu listů speciální mapy části rakousko-uherské monarchie a kongresového Polska v měřítku 1:75 000  |w 1492744 
830 0 |a Třetí vojenské mapování 1:75 000 ;  |v 3170, 1911 
830 0 |a Spezialkarte der österreich-ungarischen Monarchie 1:75 000 ;  |v 3170, 1911 
830 0 |a Spezialkarte von Polen 1:75 000 ;  |v 53, 1911 
856 4 1 |u http://www.digitalniknihovna.cz/mzk/uuid/uuid:18da2aa4-712d-422f-843a-2d6c1675f78b  |y Digitalizovaný dokument 
910 |a BOA001  |b Mpa-0081.473,3170-11 
990 |a MP 
991 |b 201510 
994 |a PAR  |l MZK01  |b 001492744  |m 3170 Bieła u. Janów. 1911  |n Přehled kladu listů speciální mapy části rakousko-uherské monarchie a kongresového Polska v měřítku 1:75 000